000 00376nam a2200145Ia 4500
008 230917s9999||||xx |||||||||||||| ||und||
040 _e27790
_aMAIN
041 _aEnglish
082 _a581.192 P695P
100 _aLea Peter, J
245 0 _aPlant biochemistry and molecular biology
260 _aChichester
_bJohn Wiley & Sons
_c1993
300 _aviii, 312 p.
942 _cBK
999 _c90739
_d90739